A Practical Guide to Quality Management in Clinical Trial Research (Record no. 6486)

MARC details
000 -LEADER
fixed length control field 00592nam a22002057a 4500
003 - CONTROL NUMBER IDENTIFIER
control field OSt
005 - DATE AND TIME OF LATEST TRANSACTION
control field 20220120150123.0
008 - FIXED-LENGTH DATA ELEMENTS--GENERAL INFORMATION
fixed length control field 200128b ||||| |||| 00| 0 eng d
020 ## - INTERNATIONAL STANDARD BOOK NUMBER
International Standard Book Number 0849397227
040 ## - CATALOGING SOURCE
Transcribing agency NLM
082 ## - DEWEY DECIMAL CLASSIFICATION NUMBER
Classification number WW20 O1a 2006
100 ## - MAIN ENTRY--PERSONAL NAME
Personal name Ogg, Graham D.
9 (RLIN) 13337
245 ## - TITLE STATEMENT
Title A Practical Guide to Quality Management in Clinical Trial Research
260 ## - PUBLICATION, DISTRIBUTION, ETC. (IMPRINT)
Place of publication, distribution, etc. Boca Raton;
Name of publisher, distributor, etc. Taylor & Francis,
Date of publication, distribution, etc. 2006
300 ## - PHYSICAL DESCRIPTION
Extent 213p;
Other physical details Ill:
Dimensions 24cm
504 ## - BIBLIOGRAPHY, ETC. NOTE
Bibliography, etc Acronyms, & index included
650 ## - SUBJECT ADDED ENTRY--TOPICAL TERM
Topical term or geographic name as entry element Quality management
9 (RLIN) 8392
650 ## - SUBJECT ADDED ENTRY--TOPICAL TERM
Topical term or geographic name as entry element Clinical research
9 (RLIN) 13338
942 ## - ADDED ENTRY ELEMENTS (KOHA)
Source of classification or shelving scheme Dewey Decimal Classification
Koha item type Open Shelf
Holdings
Withdrawn status Lost status Source of classification or shelving scheme Damaged status Not for loan Home library Current library Date acquired Source of acquisition Inventory number Total Checkouts Full call number Barcode Date last seen Koha item type Price effective from
    Other/Generic Classification Scheme     MUST Main Library MUST Main Library 28/01/2020 Purchase 11/33683   WW20 O1a 2006 2020-0150 28/01/2020 Open Shelf  
    Other/Generic Classification Scheme     MUST Main Library MUST Main Library 20/01/2022 Purchase 15/39430   WW20 O1a 2006 2022-0082 20/01/2022 Book 20/01/2022